000
00288nam a2200121Ia 4500
008
230818s9999 xx 000 0 und d
041
_a
eng
245
_a
Strategic Management
260
_b
Zerox Copy
300
_a
290p
520
_a
General
999
_c
852932
_d
852932
650
_a
Hospitality Strategic Management